000 00537nam a2200193Ia 4500
005 20250508162237.0
008 008 250505s9999 xx 000 0 eng d
037 _aTextual
040 _aFEDL
_beng
_cFEDL
041 _aeng
_2eng
084 _a370.92, MAN
_qFEDL
100 _aManheimer Ronald J
_9772635
245 0 _aKierkegaard as educator
260 _aLondon, UK
_bUniversity of California Press
_c1977
300 _axvi,218p
650 _aEducation
942 _cTEXL
_h370.92, MAN
999 _c1375336
_d1375336